00881nam a2200181 a 4500008004100000050002200041100002100063245014500084260003900229300003500268650003500303650004600338650003900384650005700423995007900480999001700559952012300576220228s2019 ||||||||||||||||| || u aCBU-PG THESIS/CHI aChileshe, Fridah10aInvestigating the impact of using rubrics as assessment tools on pupils' academic performance in senior secondary schoolcBy Fridah Chileshe aKitwebCopperbelt Universityc2019 axi, 111 pages : illustrations  aASSESSMENT TOOLS - MATHEMATICS aRUBRICS AS ASSESSMENT TOOLS - MATHEMATICS aACADEMIC PERFORMANCE - MATHEMATICS aPUPILS' ACADEMIC PERFORMANCE IN SCHOOL - MATHEMATICS FCBU-MAIN LIBRARY (Kitwe)M1UAVAILABLEWNov 1, 2022ZUniversity Collection c48180d48180 00102lcc4070a001b001cUniversity Collectiond2022-11-30l0oCBU-PG THESIS/CHIpB5103r2022-11-30w2022-11-30y002